[Event "Hallstahammar op"]
[Site "Hallstahammar"]
[Date "2004.09.12"]
[Round "7"]
[White "Forssell, Joel"]
[Black "Andersson, Mikael"]
[Result "1-0"]
[WhiteElo "1529"]
[BlackElo "1300"]
[PlyCount "43"]
[EventDate "2004.09.10"]
[EventType "swiss"]
[EventRounds "8"]
[EventCountry "SWE"]
[SourceTitle "EXT 2005"]
[Source "ChessBase"]
[SourceDate "2004.11.15"]
[SourceVersion "1"]
[SourceVersionDate "2004.11.15"]
[SourceQuality "1"]

1. e4 e5 2. f4 Nc6 3. Nf3 d6 4. Bc4 h6 5. d4 exd4 6. Nxd4 Bd7 7. Nc3 Be7 8. 0-0 Bf6 9. Nxc6 Bxc6 10. Nd5 Bxd5 11. Qxd5 Qe7 12. Qxb7 Bd4+ 13. Kh1 Qd8 14. Qd5 Kd7 15. Qxd4 Nf6 16. e5 Nh7 17. exd6 c6 18. Qxg7 Qa5 19. Qxf7+ Kxd6 20. Rd1+ Kc5 21. Be3+ Kb4 22. a3+ 1-0

[Event "Hallstahammar op"]
[Site "Hallstahammar"]
[Date "2003.09.14"]
[Round "7"]
[White "Forssell, Joel"]
[Black "Kallstrom, Magnus"]
[Result "0-1"]
[WhiteElo "1403"]
[BlackElo "1762"]
[PlyCount "80"]
[EventDate "2003.09.12"]
[EventType "swiss"]
[EventRounds "7"]
[EventCountry "SWE"]
[SourceTitle "CBM 096 Extra"]
[Source "ChessBase"]
[SourceDate "2003.10.22"]
[SourceVersion "2"]
[SourceVersionDate "2003.10.20"]
[SourceQuality "1"]

1. e4 e6 2. d4 d5 3. Nc3 Nf6 4. Bg5 Bb4 5. e5 h6 6. exf6 hxg5 7. fxg7 Rg8 8. Nf3 Qf6 9. Bd3 Qxg7 10. 0-0 Rh8 11. g3 Bd7 12. Nb5 Bxb5 13. Bxb5+ c6 14. c3 Be7 15. Be2 g4 16. Ne5 f5 17. f4 Nd7 18. Qb3 Nxe5 19. Qxb7 Kf7 20. dxe5 Rab8 21. Qxc6 Rxb2 22. Rf2 Qf8 23. Qd7 Qb8 24. a3 Qb6 25. Kf1 Rd8 26. Qa4 Bc5 27. Rg2 d4 28. Qc4 dxc3 29. Qxc3 Rdd2 30. Rc1 Be7 31. Qc7 Qe3 32. Re1 Qxa3 33. Qc8 Rd8 34. Qa6 Qc5 35. Qc4 Qb6 36. Rc1 Qb7 37. Qc6 Qxc6 38. Rxc6 Rdd2 39. Rc7 Kf8 40. Rxa7 Rb1+ 0-1